Unconventional Machining Processes/ (Record no. 190931)

MARC details
000 -LEADER
fixed length control field 00664nam a22002177a 4500
005 - DATE AND TIME OF LATEST TRANSACTION
control field 20220811152607.0
010 ## - LCCN (DPL NO)
LC control number ENG-134402
020 ## - INTERNATIONAL STANDARD BOOK NUMBER
International Standard Book Number 9789390082100
Terms of availability 175.00
035 ## - SYSTEM CONTROL NUMBER
System control number EN-117934
037 ## - SOURCE OF ACQUISITION
Source of stock number/acquisition DBAD/PUB
082 ## - DEWEY DECIMAL CLASSIFICATION NUMBER
Classification number 620
100 ## - MAIN ENTRY--PERSONAL NAME
Personal name Marichamy, S.
245 ## - TITLE STATEMENT
Title Unconventional Machining Processes/
Statement of responsibility, etc S. Marichamy [et.al..]
260 ## - PUBLICATION, DISTRIBUTION, ETC. (IMPRINT)
Place of publication, distribution, etc Tamil Nadu
Name of publisher, distributor, etc Shanlax Publications
Date of publication, distribution, etc 2020
270 ## - ADDRESS
Address 61, 66 T.P.K. Main Road Vasantha Nagar
City Madurai
Postal code 625003
Electronic mail address publisher@shanlaxpublications.com
300 ## - PHYSICAL DESCRIPTION
Extent 85p.
Dimensions 22cm(pbk)
700 ## - ADDED ENTRY--PERSONAL NAME
Personal name Stalin, B.
700 ## - ADDED ENTRY--PERSONAL NAME
Personal name Maniraj, S.
700 ## - ADDED ENTRY--PERSONAL NAME
Personal name Saravanan, K.G.
942 ## - ADDED ENTRY ELEMENTS (KOHA)
Source of classification or shelving scheme Dewey Decimal Classification
Item type English Books
Classification part 620
Call number suffix MAR
Holdings
Withdrawn status Lost status Not for loan Collection code Home library Current library Date acquired Source of acquisition Cost, normal purchase price Full call number Barcode Copy number Cost, replacement price Koha item type
      Non-fiction Bawana Bawana 11/08/2022 DBAD/PUB 175.00 620 MAR EN-117934 1 175.00 English Books

© Delhi Public Library
Hit Counter
free hit counter